Catálogo
 En Linea

Praderas soleadas, y otros poemas / (Registro nro. 5569)

Detalles MARC
000 -CABECERA
campo de control de longitud fija 00875cam a2200229 a 4500
001 - NÚMERO DE CONTROL
campo de control 000005773
005 - FECHA Y HORA DE LA ÚLTIMA TRANSACCIÓN
campo de control 20200929151758.0
008 - DATOS DE LONGITUD FIJA--INFORMACIÓN GENERAL
campo de control de longitud fija 740218s1967 uy 001 p spa
040 ## - FUENTE DE LA CATALOGACIÓN
Centro catalogador/agencia de origen DO-SdBNP
Centro/agencia transcriptor PPT
Centro/agencia modificador DLC
082 ## - NÚMERO DE LA CLASIFICACIÓN DECIMAL DEWEY
Número de clasificación U861.3
Número de documento/Ítem L615
100 1# - ENTRADA PRINCIPAL--NOMBRE DE PERSONA
Nombre de persona Lerena Acevedo, Andrés Hector,
Fechas asociadas al nombre 1895-1920.
9 (RLIN) 16343
245 10 - MENCIÓN DE TÍTULO
Título Praderas soleadas, y otros poemas /
Mención de responsabilidad, etc. Adrés Héctor Acevedo Lerena ; prólogo, Giselda Zani.
260 ## - PUBLICACIÓN, DISTRIBUCIÓN, ETC.
Lugar de publicación, distribución, etc. Montevideo, Uruguay :
Nombre del editor, distribuidor, etc. Ministerios de Instrucción Pública y Previsión Social,
Fecha de publicación, distribución, etc. 1967.
300 ## - DESCRIPCIÓN FÍSICA
Extensión xxxvi, 104 p. ;
Dimensiones 19 cm.
490 0# - MENCIÓN DE SERIE
Mención de serie Biblioteca Artigas.
490 0# - MENCIÓN DE SERIE
Mención de serie Clásicos uruguayos
Designación de volumen o secuencia 120.
650 #4 - PUNTO DE ACCESO ADICIONAL DE MATERIA--TÉRMINO DE MATERIA
Término de materia o nombre geográfico como elemento de entrada Poesía uruguaya
9 (RLIN) 3846
650 #4 - PUNTO DE ACCESO ADICIONAL DE MATERIA--TÉRMINO DE MATERIA
Término de materia o nombre geográfico como elemento de entrada Literatura uruguaya
Subdivisión cronológica SIGLO XIX
9 (RLIN) 16344
700 1# - PUNTO DE ACCESO ADICIONAL--NOMBRE DE PERSONA
Nombre de persona Zani, Giselda,
Término indicativo de función/relación pról.
9 (RLIN) 16345
830 #0 - PUNTO DE ACCESO ADICIONAL DE SERIE-TÍTULO UNIFORME
Título uniforme Biblioteca Artigas.
Nombre de parte o sección de la obra Clásicos uruguayos ;
Designación de volumen o secuencia 120.
9 (RLIN) 16276
910 ## - DATOS DE OPCIÓN DEL USUARIO (OCLC)
Datos de opción del usuario Catalogación por copia / LC
Existencias
Estado de retiro Estado de pérdida Restricciones de uso No para préstamo Código de colección Localización permanente Ubicación/localización actual Ubicación en estantería Fecha de adquisición Número de inventario Total de préstamos Signatura topográfica completa Código de barras Fecha visto por última vez Precio válido a partir de Tipo de ítem Koha
    Préstamo interno   Monografías: Libros y Folletos General General En catalogación 22.08.2009 LF1   U861.3 L615 5773-10 25.06.2020 25.06.2020 Préstamo interno

Con tecnología Koha